| 000 | 005700000a22001810004500 | ||
|---|---|---|---|
| 003 | MACL | ||
| 005 | 20160420130116.0 | ||
| 008 | 160420b xxu||||| |||| 00| 0 eng d | ||
| 040 |
_aMACL _cMACL |
||
| 041 | _aHindi | ||
| 082 | _a181 | ||
| 100 |
_aस्वामी दारिकादासशास्त्री _952850 |
||
| 245 |
_aमज्झिमनिकायपालि _bदुतियो- 2 |
||
| 260 |
_bबौद्धभारती _c1990 _aवाराणसी |
||
| 350 | _a100 | ||
| 650 |
_aPhilosophy _952851 |
||
| 942 |
_cHIN _k181 _2ddc |
||
| 999 |
_c20334 _d20334 |
||